[Event "Cannes m2"]
[Site "Cannes"]
[Date "1999.11.15"]
[Round "3"]
[White "Van der Wiel, John"]
[Black "Tkachiev, Vladislav"]
[Result "0-1"]
[WhiteElo "2544"]
[BlackElo "2648"]
[Annotator "Wedberg,T"]
[PlyCount "78"]
[EventDate "1999.11.13"]
[EventType "match"]
[EventRounds "10"]
[EventCountry "FRA"]
[SourceTitle "CBM 074"]
[Source "ChessBase"]
[SourceDate "2000.02.01"]
[SourceVersion "1"]
[SourceVersionDate "2000.02.01"]
[SourceQuality "1"]

1. e4 e5 2. Nf3 Nc6 3. Bb5 a6 4. Ba4 Nf6 5. O-O b5 6. Bb3 Bc5 7. a4 Bb7 8. c3
d6 9. d4 Bb6 10. Re1 O-O 11. Bg5 h6 12. Bh4 exd4 13. cxd4 g5 (13... Re8 14.
axb5 axb5 15. Rxa8 Bxa8 16. Qd3 Na5 17. Bxf6 Qxf6 18. Bc2 Nc6 19. Qxb5 Bxd4 {
1/2-1/2 Byrne,R-Bisguier,A/Oberlin 1975/MCD (19)}) 14. Bg3 Re8 15. axb5 axb5
16. Rxa8 Bxa8 17. d5 Ne7 18. Na3 (18. Nc3 {1/2-1/2 Ivanchuk,V-Tkachiev,V/EUcup/
1999}) 18... Ng6 19. Bc2 Qd7 20. Bd3 Qg4 $5 {The Q is annoying on g4 since h3
is always met with Qxg3.} (20... c6 {would be the normal move, but Tkachiev is
looking for more complexity.}) 21. Nxb5 h5 22. e5 $6 {This is not good enough.
Suddenly all black pieces come to life - especially the B on a8.} (22. Nxc7 $6
Bxc7 23. h3 Qd7 24. Nxg5 h4 $15) (22. Kh1 {to expel the Q with h3.} h4 (22...
Nxe4 23. Rxe4 Rxe4 24. h3 Qf5 25. Nc3 Bxd5 26. Qb1 Re1+ 27. Nxe1 Qxh3+ 28. Bh2
$18) 23. h3 Qh5 (23... Qd7 24. Bh2 $14) 24. Bh2 g4 25. Nd2 $13) 22... Nxe5 23.
Nxe5 dxe5 $6 {A mistake allowing White to recuperate.} (23... Qxd1 $1 24. Rxd1
dxe5 $17) 24. Qxg4 Nxg4 25. h3 h4 26. Bxh4 gxh4 27. hxg4 Bxd5 28. Nc3 Bc6 29.
Be4 {White has an easy game now. The blockading square e4 gives him control.}
Bxe4 30. Nxe4 Rd8 31. Kh2 Rd3 32. Re2 Kf8 (32... Rb3 $142) 33. f3 Rd1 34. g5
Rf1 35. Rc2 (35. Nf6 $1 $16) 35... Ke7 36. Nf6 Rd1 37. Kh3 Ke6 38. Kxh4 Kf5 39.
g4+ $4 {White commits a fatal error. I think we can assume that timepressure
is the main cause for this horrible move.} (39. Ne4 Kf4 40. Ng3 $14) 39... Kf4
(39... Kf4 40. Rh2 Bf2+ 41. Kh3 Kxf3 $19) 0-1

[Event "SWE-ch"]
[Site "Skara"]
[Date "2002.07.12"]
[Round "11"]
[White "Berg, Emanuel"]
[Black "Ernst, Thomas"]
[Result "1-0"]
[WhiteElo "2503"]
[BlackElo "2471"]
[Annotator "Wedberg,T"]
[PlyCount "83"]
[EventDate "2002.06.30"]
[EventType "tourn"]
[EventRounds "13"]
[EventCountry "SWE"]
[EventCategory "9"]
[SourceTitle "CBM 091"]
[Source "ChessBase"]
[SourceDate "2002.11.12"]
[SourceVersion "1"]
[SourceVersionDate "2002.11.12"]
[SourceQuality "1"]

1. e4 e5 2. Nf3 Nc6 3. Bb5 a6 4. Ba4 Nf6 5. O-O b5 6. Bb3 Bb7 7. Re1 Bc5 8. c3
d6 9. d4 Bb6 10. Be3 O-O 11. Nbd2 Qe7 {Ernst tries a natural idea. He just
wants to bring the R:s to the centre files and then break with d5.} (11... h6
12. h3 (12. d5 Ne7 13. Bxb6 cxb6 14. Nf1 Bc8 15. Bc2 Ne8 16. Ne3 Ra7 17. Qd3 g6
18. Nd2 f5 $40 {0-1 Yemelin,V-Kaidanov,G/Moscow 2002. (35)}) (12. a4 Ng4 13.
Nf1 Nxe3 14. Nxe3 exd4 15. cxd4 Ne7 16. Qd3 c6 $11 {0-1 Aseev,K-Kuzmin,A/
Moscow 1982/MCD (83)}) (12. dxe5 Nxe5 13. Nxe5 dxe5 14. Bxb6 cxb6 15. Qe2 Qe7
16. Qf3 Kh8 17. Nf1 Nxe4 $13 {1-0 Korneev,O-Thiel,T/Krumbach 1991/TD (40)})
12... exd4 13. cxd4 Nb4 14. Qb1 c5 {is the standard line.}) 12. h3 (12. d5 {
is also interesting now that Black has blocked the natural retreat to e7.} Nb8
(12... Na5 $5) 13. Bg5 h6 14. Bh4 Bc8 $6 (14... Nbd7 $142) 15. a4 $16 {1-0
Apicella,M-Picarda,L/Torcy 1991/TD (38)}) 12... Rad8 13. Bc2 h6 14. a3 Rfe8 15.
Qe2 d5 {Black carries out his idea. Come what may.} 16. dxe5 Nxe5 17. Bxb6 cxb6
18. Nxe5 Qxe5 19. Nf3 Qf4 20. e5 $1 {Blacks central actions haven´t produced
an altogether satisfactory result. His P-formation has been weakened and the
general exchanges he was hoping for has been stopped.} Ne4 21. Rad1 f6 22. exf6
Qxf6 23. Qd3 Rf8 24. Qd4 $1 {Black needs his Q more than White does. In the
long run exchanges will favour White who has a better endgame with almost all
piece constellations.} Qxd4 25. Rxd4 Rc8 26. Bxe4 $5 {A suprising exchange,
but White wants an open file to exchange the R:s. The N is going to the super
square e3.} (26. Bb3 $16) 26... dxe4 27. Ne5 Rf6 28. Ng4 Rg6 29. Red1 h5 30.
Ne3 Rf8 31. Rd6 Rxd6 32. Rxd6 Rf6 33. Rxf6 gxf6 34. Kh2 $1 {A classical
example of good N against weak B.} Kf7 35. Kg3 Kg6 36. Kf4 Bc6 37. Nf5 Bd7 38.
Ne3 Bc6 39. h4 a5 40. Nf5 Bd7 41. Nd4 f5 42. Ke5 {Black has run out of moves.}
1-0

[Event "FIDE-Wch k.o."]
[Site "Las Vegas"]
[Date "1999.08.01"]
[Round "1.2"]
[White "Bauer, Christian"]
[Black "Kasimdzhanov, Rustam"]
[Result "1-0"]
[WhiteElo "2480"]
[BlackElo "2603"]
[Annotator "Wedberg,T"]
[PlyCount "109"]
[EventDate "1999.07.31"]
[EventType "k.o."]
[EventRounds "7"]
[EventCountry "USA"]
[SourceTitle "CBM 072"]
[Source "ChessBase"]
[SourceDate "1999.10.01"]
[SourceVersion "1"]
[SourceVersionDate "1999.10.01"]
[SourceQuality "1"]

1. e4 e5 2. Nf3 Nc6 3. Bb5 a6 4. Ba4 Nf6 5. O-O b5 6. Bb3 Bb7 7. c3 Nxe4 8. d4
Na5 9. Nxe5 Nxb3 10. Qxb3 Nd6 (10... Qf6 11. f3 Nc5 12. Ng4 (12. Qd1 $6 Ne6 13.
a4 Bd6 $15 {Anand,V-Mikhalchishin,A,Moscow(GMA) 1989}) 12... Nxb3 13. Nxf6+ Ke7
14. Bg5 $1 (14. axb3 Kxf6 15. c4 d5 $10 {Sherzer,A,- Nickoloff,B,Chicago op1
1992}) 14... Nxa1 (14... gxf6 15. Re1+ Kd6 16. Bf4+ Kc6 17. axb3 Bd6 (17... d5
18. b4 Kd7 19. Nd2 $16 {1-0 Boudre,J-Fruteau,S/Massy 1993/EXT 97 (33)}) 18.
Bxd6 Kxd6 19. b4 Rhe8 20. Rxe8 Rxe8 21. Kf2 $14 {1-0 Furlan,M-Petek,P/Grize
1996/EXT 97 (53)}) 15. Re1+ Be4 (15... Kd6 16. Bf4+ Kc6 17. d5+ Kc5 18. b4+ Kc4
19. Na3+ Kxc3 20. Ne4+ Kxb4 21. Rb1+ Ka5 (21... Kxa3 22. Nc3 Bc5+ 23. Kf1 {
1-0 Furlan,M-Pinter,A/Ljubljana 1993/EXT 97 (23)}) 22. Bxc7+ Ka4 23. Nc3+ Kxa3
24. Bf4 {1-0 Jukic,B-Misanovic,V/Osijek 1993/CBM 38 ext (24)}) 16. Nxe4+ f6 17.
Nxf6+ Kf7 18. Nxd7 $16 {1-0 Berelovich,A-Potapov,A/Orel 1996/EXT 99 (46)}) 11.
c4 Qf6 12. Nc3 Qe6 13. Re1 $146 {[%mdl 8] The black position looks difficult
after this new move.} (13. Nd5 O-O-O 14. Nf4 Qe8 15. c5 Nf5 16. Be3 f6 17. Nf7
g5 18. Nxd8 Kxd8 19. Nd3 Nh4 $40 {0-1 Lauk,U-Sepp,O/Vilnius 1993/CBM 35/[Ernst]
(47)}) 13... O-O-O (13... bxc4 14. Qa4 O-O-O (14... Be7 15. d5 $40) 15. d5 Qf6
(15... Bxd5 16. Nxd5 Qxd5 17. Qxa6+ Qb7 18. Qa4 $16) 16. Nxc4 Nxc4 17. Qxc4 $16
) (13... Nxc4 $4 14. Nd3 $18) 14. cxb5 $1 (14. d5 Qf6 15. c5 Re8 $132) 14...
Qxb3 15. axb3 axb5 16. Bf4 f6 (16... b4 17. Na2 f6 18. Nd3 Nf5 19. Rec1 d6 20.
Be3 $14) 17. Nd3 b4 {Best defence in a difficult position.} (17... c6 18. Rec1
$40) 18. Nxb4 Nf5 19. Nbd5 Bd6 20. Bxd6 Nxd6 21. Rac1 Bxd5 22. Nxd5 c6 23. Nb4
Rhe8 24. d5 $16 Rxe1+ 25. Rxe1 cxd5 26. Nxd5 Kb7 27. g4 Kc6 28. Ne7+ Kb5 29.
Kg2 Re8 30. Re3 Kc5 31. Kf3 g6 32. h4 Nf7 33. b4+ Kc4 34. b3+ Kb5 35. Nd5 Ne5+
36. Kg3 Rf8 37. g5 $18 fxg5 38. Rxe5 gxh4+ 39. Kxh4 Rxf2 40. Nf4+ Kc6 41. Rc5+
Kd6 42. Kg3 Ra2 43. Kf3 Ra3 44. Rc3 g5 45. Nd3 h5 46. b5 Ra5 47. Rc5 Ra3 48.
Rxg5 Rxb3 49. Ke4 h4 50. Kd4 h3 51. Rh5 Rb1 52. Kc4 Rh1 53. Rh6+ Ke7 54. b6 h2
55. b7 1-0

[Event "FIDE World Cup-D"]
[Site "Hyderabad"]
[Date "2002.10.14"]
[Round "5"]
[White "Short, Nigel D"]
[Black "Ganguly, Surya Shekhar"]
[Result "1-0"]
[WhiteElo "2684"]
[BlackElo "2531"]
[Annotator "Wedberg,T"]
[PlyCount "77"]
[EventDate "2002.10.05"]
[EventType "tourn"]
[EventRounds "5"]
[EventCountry "IND"]
[EventCategory "15"]
[SourceTitle "CBM 092"]
[Source "ChessBase"]
[SourceDate "2003.02.06"]
[SourceVersion "1"]
[SourceVersionDate "2003.02.06"]
[SourceQuality "1"]

1. e4 {Atlas,V} e5 2. Nf3 Nc6 3. Bb5 a6 4. Ba4 Nf6 5. O-O b5 6. Bb3 Bc5 7. a4
Rb8 8. c3 d6 9. d4 Bb6 10. Na3 O-O 11. axb5 axb5 12. Nxb5 {Black is playing a
modern gambit. The question is how to get compensation for the P.} Bg4 13. Re1
Bxf3 (13... exd4 14. cxd4 Bxf3 15. gxf3 Nxd4 16. Nxd4 Bxd4 17. Bxf7+ Rxf7 18.
Qxd4 Nh5 19. Qd5 Qh4 20. Ra7 Nf4 $2 (20... Nf6 $1 $13) 21. Bxf4 Qxf4 22. Rxc7
$16 {1-0 Berescu,A-Danilov,V/Tusnad 2000/EXT 2001 (72)}) 14. gxf3 (14. Qxf3
exd4 15. cxd4 Bxd4 16. Ba4 Bc5 17. h3 Qe7 18. Rb1 d5 $132 {1-0 Kunte,A-Ganguly,
S/Kelamabakkam 2000/CBM 79 (46)}) 14... Nh5 15. Kh1 exd4 (15... Qf6 16. Rg1 Nf4
17. Be3 $16 {1-0 Svidler,P-Shirov,A/Linares 1998/CBM 64/[Svidler] (37)}) 16.
Nxd4 (16. cxd4 Qf6 17. Be3 Ba5 18. Bd5 Bxe1 19. Bxc6 d5 $13 {1/2-1/2 Anand,
V-Piket,J/Monte Carlo 1998/CBM 63 ext (35)}) 16... Nxd4 (16... Bxd4 17. cxd4
Qf6 (17... Nxd4 18. Qxd4 Rxb3 19. Qd5 $1 $18) 18. Ra4 Nxd4 19. Rxd4 Rxb3 20.
Be3 $2 (20. Rd5 $1) 20... Rfb8 $15 {0-1 Grigoriev,V-Petrukhin,D/Nizhnij
Novgorod 1999/EXT 2000 (24)}) 17. cxd4 c5 (17... Qf6 18. Be3 $16) 18. Rg1 cxd4
19. Bg5 Qe8 20. Qd3 Bd8 21. Bd2 $146 {White keeps his pair of B:s and the idea
of an attack on the K side.} (21. Ra7 Qe5 22. Bxd8 Rbxd8 23. Qd2 Qf6 $11 {
1/2-1/2 Konguvel,P-Swathi,G/Nagpur 2002/CBM 86 ext (47). (46)}) 21... Qe5 22.
Rg4 {[%csl Yf4] Preventing the N from entering the game.} Qb5 23. Bc4 Qxb2 24.
Rag1 {White is ready to take the action to the black K.} Kh8 25. f4 $6 (25. Bd5
$1 $36) 25... g6 (25... f5 $5 26. exf5 Qb7+ 27. R4g2 d5 $132) 26. f5 Bf6 (26...
gxf5 $142) 27. fxg6 fxg6 28. f4 Bg7 29. R4g2 Qb7 30. Bd5 Qb5 31. Qh3 Rxf4 32.
Qxh5 $1 Rxe4 (32... gxh5 33. Bxf4 $18 Qd7 34. Bh6 $1 {, and the bishop is
invulnerable:} Bxh6 35. Rg8+ Rxg8 36. Rxg8#) 33. Bh6 {'!' Atlas,V.} ({The
decisive strike! The bishop thrust is the only winning move in this position.
Imprudent} 33. Rxg6 {(Atlas,V) is refuted by} Re5 $1) 33... Re6 (33... Re5 {
(Atlas,V) leads to mate in four:} 34. Bxg7+ Kxg7 35. Rxg6+ hxg6 36. Qxg6+ Kf8
37. Qf7#) 34. Bxg7+ Kxg7 35. Rg3 Qe2 ({Again,} 35... Re5 {(Atlas,V) falls
short of} 36. Rxg6+) 36. Qh4 Re5 37. Rh3 {'!' Atlas,V.} Rxd5 38. Qxh7+ Kf8 39.
Qxg6 1-0

[Event "Sigeman & Co 10th"]
[Site "Malmo"]
[Date "2002.06.11"]
[Round "6"]
[White "Wedberg, Tom Birger"]
[Black "Hector, Jonny"]
[Result "1/2-1/2"]
[WhiteElo "2540"]
[BlackElo "2513"]
[Annotator "Wedberg,T"]
[PlyCount "58"]
[EventDate "2002.06.06"]
[EventType "tourn"]
[EventRounds "9"]
[EventCountry "SWE"]
[EventCategory "13"]
[SourceTitle "CBM 090"]
[Source "ChessBase"]
[SourceDate "2002.09.20"]
[SourceVersion "1"]
[SourceVersionDate "2002.09.20"]
[SourceQuality "1"]

1. e4 e5 2. Nf3 Nc6 3. Bb5 a6 4. Ba4 Nf6 5. O-O b5 6. Bb3 Bb7 7. Re1 Bc5 8. c3
d6 9. d4 Bb6 10. Be3 O-O 11. Nbd2 h6 12. h3 Re8 13. Qb1 Nb8 {Hectors favourite
move. The idea is similar to the Breyer Defence in the Closed Ruy Lopez. The N
regroups to d7 and then Black is free to move his c- and d-P. It's a flexible
line promising Black equality.} (13... Rc8 14. a4 exd4 15. cxd4 Na5 16. Bc2 c5
17. axb5 axb5 18. d5 c4 19. Nd4 $14 {1-0 Konguvel,P-Gokhale,C/Ubeda 1999/CBM
68 ext (31)}) (13... Na5 14. Bc2 c5 15. d5 c4 (15... Bc8 16. b4 Nb7 17. a4 $14
{1-0 Keller,M-Baer,S/Passau 2000/CBM 76 ext (37)}) 16. b4 cxb3 17. axb3 Bc8 18.
b4 Nb7 19. c4 $14 {1/2-1/2 Rowson,J-Emms,J/England 1997/CBM 64 ext (34)}) (
13... Qd7 14. a4 exd4 15. cxd4 Nb4 16. d5 Ba5 17. Bd4 $14 {1/2-1/2 Geldyev,
G-Ibragimov,A/Beirut 2000/CBM 75 ext (31)}) (13... exd4 14. cxd4 d5 15. e5 Ne4
16. Nxe4 dxe4 17. e6 $1 $36 {1-0 Becerra Rivero,J-Coret Frasquet,J/Mislata
1996/EXT 2000 (53)}) 14. Bc2 (14. a4 Nbd7 ({Hector wisely avoids the trap:} 
14... exd4 15. cxd4 Nxe4 $2 16. Bxh6 $1 Nxd2 (16... Ba5 17. Nxe4 Bxe1 18. Neg5
$18) 17. Bxf7+ $1 Kxf7 18. Qf5+ Kg8 19. Ng5 $18) 15. Qa2 Qe7 16. dxe5 dxe5 17.
Bxb6 cxb6 18. a5 bxa5 19. Qxa5 Nc5 20. Bc2 Rac8 21. Qb4 Qc7 $15 {1-0 Timman,
J-Hector,J/Malmo 2002/CBM 90_01 (52)}) (14. dxe5 dxe5 15. Bxb6 cxb6 16. a4 bxa4
17. Bxa4 Nbd7 18. Qa2 Qc7 19. Bxd7 Qxd7 20. Nc4 Qc7 21. Qb3 b5 22. Ncd2 $15 {
0-1 Yermolinsky,A-Malaniuk,V/Sverdlovsk 1987/TD (49)}) 14... Nbd7 15. a4 $146 {
This is a new move and a slight improvement on Rowsons 15.b3, but the real
revelation in this game is Hector´s 18:th move.} (15. b3 d5 16. dxe5 Bxe3 17.
Rxe3 Nxe5 18. Nxe5 Rxe5 $2 (18... dxe4 $1 $11 {[%mdl 8] Hectors preparation})
19. Nf3 Re8 20. e5 Ne4 21. Qe1 Ng5 22. Rd1 Nxf3+ 23. Rxf3 $14 {1-0 Rowson,
J-Hector,J/York 2000/CBM 81 (38)}) 15... d5 16. dxe5 Bxe3 17. Rxe3 Nxe5 18.
Nxe5 dxe4 $1 $11 {[%mdl 8] This important tactical device gives Black an equal
game.} (18... Rxe5 19. Nf3 Re8 20. e5 $14) 19. axb5 (19. Nxe4 Rxe5 $11) 19...
Qxd2 (19... axb5 $11) 20. bxa6 (20. Nc4 $5 Qd5 21. Na5 Bc8 22. bxa6 Rxa6 23. b4
$13) 20... Rxa6 21. Rxa6 Bxa6 22. Ng4 Nxg4 23. hxg4 Bb7 24. Bxe4 Bxe4 25. Rxe4
Rxe4 26. Qxe4 Qxb2 27. Qe8+ Kh7 28. Qe4+ Kg8 29. Qe5 Qb8 1/2-1/2

[Event "MK Cafe Cup-A"]
[Site "Koszalin"]
[Date "1999.08.13"]
[Round "10"]
[White "Socko, Bartosz"]
[Black "Onischuk, Alexander"]
[Result "1-0"]
[WhiteElo "2543"]
[BlackElo "2657"]
[Annotator "Wedberg,T"]
[PlyCount "69"]
[EventDate "1999.08.03"]
[EventType "swiss"]
[EventRounds "9"]
[EventCountry "POL"]
[SourceTitle "CBM 073"]
[Source "ChessBase"]
[SourceDate "1999.12.01"]
[SourceVersion "1"]
[SourceVersionDate "1999.12.01"]
[SourceQuality "1"]

1. e4 e5 2. Nf3 Nc6 3. Bb5 a6 4. Ba4 Nf6 5. O-O Bc5 6. c3 b5 7. Bb3 d6 8. a4
Bg4 (8... Rb8 {leads to more tactical play.} 9. d4 Bb6 10. axb5 axb5 11. Na3
O-O 12. Nxb5 exd4 13. cxd4 Bg4 {here White can choose to follow Anand with} 14.
Re1 {1-0 Anand,V-Oll,L/Belgrade 1999/CBM 69/[Tyomkin,D] (39)} ({or Bologan with
} 14. Ra4 {1-0 Bologan,V-Tkachiev,V/Enghien-les-Bains 1999/CBM 70/[Wedberg] 
(39)})) 9. h3 Bh5 (9... Bxf3 10. Qxf3 O-O 11. d3 Na5 12. Bc2 b4 13. Nd2 Rb8 14.
Qe2 Re8 15. Nf3 bxc3 16. bxc3 Nb3 17. Bxb3 Rxb3 18. d4 (18. Qc2 Qb8 $11) 18...
exd4 19. cxd4 Rxf3 $13 {1-0 Anand,V-Karpov,A/Lausanne 1998/CBM 63/[Anand] (42)}
) 10. d3 O-O (10... Rb8 11. axb5 axb5 12. Re1 h6 13. Nbd2 $14 {1-0 Almasi,
Z-Degraeve,J/Pula 1997/CBM 57 ext/[Wedberg] (29)}) 11. Nbd2 (11. Re1 Rb8 12.
axb5 axb5 13. Nbd2 b4 14. Ba4 bxc3 15. bxc3 Ne7 {looks lika a safe road to
equality. 1/2-1/2 Almasi,Z-Shirov,A/Dresden 1997/EXT 98 (36)}) 11... Na5 12.
Ba2 b4 13. Re1 Rb8 14. g4 Bg6 15. Nf1 b3 {Black sort of gives up his play on
the Q-side and goes for general restriction.} 16. Bb1 Re8 17. Bg5 d5 18. d4 $1
{White breaks out in the right moment.} (18. Bxf6 gxf6 19. exd5 Qxd5 $17) 18...
exd4 19. e5 dxc3 20. Bxg6 hxg6 21. bxc3 b2 {Black gets a strong passed P for
his piece, but White can always just sacrifice back the piece, so the position
must be better for White.} 22. Rb1 Nc4 23. Re2 $1 Qd7 24. exf6 Rxe2 25. Qxe2
Qxa4 26. fxg7 Qa1 27. N3d2 Na3 28. Re1 Kxg7 (28... b1=Q 29. Nxb1 Nxb1 (29...
Rxb1 $2 30. Qe8+ Kxg7 31. Bf6+ Kxf6 32. Qe5#) 30. Bf6 $40) (28... Nc2 29. Rd1
$16) 29. Bf6+ $1 $40 Kg8 30. c4 $1 {[%cal Yf6a1,Ye1a1]} d4 (30... dxc4 31. Rxa1
bxa1=Q 32. Bxa1 $18) 31. Qe4 Qc1 (31... b1=Q 32. Nxb1 Nxb1 33. g5 $18 {[%cal
Ye4h4,Yh4h8]}) 32. g5 Bf8 33. Qh4 Bg7 34. Bxg7 Kxg7 35. Qh6+ (35. Qh6+ Kg8 36.
Ne4 $18) 1-0

[Event "EU-chT (Men) 13th"]
[Site "Leon"]
[Date "2001.11.07"]
[Round "2.3"]
[White "Wedberg, Tom Birger"]
[Black "Pavasovic, Dusko"]
[Result "0-1"]
[WhiteElo "2529"]
[BlackElo "2526"]
[Annotator "Wedberg,T"]
[PlyCount "94"]
[EventDate "2001.11.06"]
[EventType "team-swiss"]
[EventRounds "9"]
[EventCountry "ESP"]
[SourceTitle "CBM 086"]
[Source "ChessBase"]
[SourceDate "2002.02.05"]
[SourceVersion "1"]
[SourceVersionDate "2002.02.05"]
[SourceQuality "1"]
[WhiteTeam "Sweden"]
[BlackTeam "Slovenia"]
[WhiteTeamCountry "SWE"]
[BlackTeamCountry "SLO"]

1. e4 e5 2. Nf3 Nc6 3. Bb5 a6 4. Ba4 Nf6 5. O-O b5 6. Bb3 Bb7 7. Re1 Bc5 8. c3
d6 9. d4 Bb6 10. Be3 O-O 11. Nbd2 exd4 12. cxd4 Nb4 13. d5 $5 $146 {This is
slightly risky, since Black can drag the White K out on the board.} (13. Qb1 c5
14. a3 Nc6 15. d5 (15. dxc5 $5 Bxc5 16. Bxc5 dxc5 17. e5 $36) 15... Ne5 16.
Nxe5 dxe5 17. Bd1 c4 18. Qc2 Rc8 $13 {1-0 Enders,P-Mainka,R/Binz 1994/EXT 97 
(35)}) 13... Nd3 $5 14. Re2 Bxe3 (14... Nxb2 15. Qc2 Na4 16. Bxa4 bxa4 17. Qxa4
$14) (14... c5 15. dxc6 Bxc6 16. Nd4 $14) 15. Rxe3 Nxf2 $5 {From a material
standpoint White gets the better of it, but Black hopes to create active play
against White's exposed K.} 16. Kxf2 Ng4+ 17. Ke2 Nxe3 18. Kxe3 c6 19. Kf2 cxd5
20. exd5 Qb6+ (20... Qf6 $5) 21. Kg3 Rae8 22. Qg1 $1 $14 Qxg1 (22... Re3 $2 23.
Re1 Rfe8 24. Nf1 $1 $18) 23. Rxg1 a5 24. a3 Re3 25. Kf2 Rfe8 26. Re1 $6 (26.
Rc1 $1 $14 {with the idea Rc3 would have been the right course.}) 26... Rxe1
27. Nxe1 Kf8 28. Nc2 Rc8 $1 {The c-file gives Black sufficient counterplay.}
29. Nd4 a4 30. Ba2 Rc1 {[%csl Ra2]} 31. Ne4 Ba6 32. Nc3 (32. Nc6 Rc2+ 33. Kg3
Rxb2 34. Nb4 Ke7 35. Nc3 {and White still has some chances for an advantage.})
32... b4 $1 33. axb4 $2 {Much too optimistic. White should have settled for a
draw.} (33. Nxa4 bxa3 34. bxa3 Bc4 $1 35. Bb3 $1 Bxb3 36. Nxb3 Rc2+ 37. Kf1 Ra2
38. Nd4 Rxa3 39. Nb6 Ra6 40. Nc8 Ra5 $11) 33... a3 $1 $17 34. b5 Bb7 35. Ke3
axb2 36. Kd3 g6 37. Nc6 Ke8 38. Na5 Bc8 39. b6 Ba6+ 40. Kd2 Kd7 41. g3 Ra1 42.
Kc2 b1=Q+ $1 $19 43. Bxb1 Rxa5 44. Kb3 f5 45. Kb4 Rc5 46. Bc2 Kc8 47. Ba4 Rc4+
0-1

[Event "USA-ch Gr-B"]
[Site "Salt Lake City"]
[Date "1999.08.28"]
[Round "5"]
[White "De Firmian, Nick E"]
[Black "Benjamin, Joel"]
[Result "1/2-1/2"]
[WhiteElo "2598"]
[BlackElo "2579"]
[Annotator "Wedberg,T"]
[PlyCount "58"]
[EventDate "1999.08.05"]
[EventType "tourn"]
[EventRounds "7"]
[EventCountry "USA"]
[EventCategory "13"]
[SourceTitle "CBM 073"]
[Source "ChessBase"]
[SourceDate "1999.12.01"]
[SourceVersion "1"]
[SourceVersionDate "1999.12.01"]
[SourceQuality "1"]

1. e4 e5 2. Nf3 Nc6 3. Bb5 a6 4. Ba4 Nf6 5. O-O Bc5 6. c3 b5 7. Bc2 d5 {
A rather brutal try to punish White for putting the B on c2. Still it might
well be playable.} 8. d4 dxe4 9. dxc5 $146 {[%mdl 8] De Firmian goes for the
pair of B:s.} (9. Nxe5 Nxe5 10. dxe5 Qxd1 11. Rxd1 Ng4 12. Bxe4 Rb8 (12... Nxf2
$2 13. Bc6+ Ke7 14. Rd5 $1 Bb6 15. Bxa8 Be6 16. Rd4 $1 $18 {1-0 Lutz,
C-Onischuk,A/Germany 1996/GER-chT (44)}) (12... Bxf2+ 13. Kf1 Be6 (13... Rb8
14. Bc6+ Ke7 15. Bg5+ f6 16. exf6+ gxf6 17. Bf4) 14. Ke2 $16) 13. Bc6+ Ke7 14.
Bg5+ Ke6 15. Bh4 Nxe5 16. Bd5+ Kf5 17. Nd2 Bb7 18. Ne4 Bb6 19. Ng3+ Kg6 20. Bb3
f6 $13 {1-0 Shirov,A-Ivanchuk,V/Monte Carlo 1998/CBM 63 ext (57)}) 9... Qxd1
10. Bxd1 exf3 11. Bxf3 Bb7 12. a4 (12. b4 $5 a5 {else White plays a4.} 13. Na3
e4 14. Be2 axb4 15. Nxb5 O-O (15... O-O-O 16. cxb4 Nxb4 17. Rb1 $40) 16. Nxc7
Rac8 17. Nb5 $14) 12... b4 $5 {Benjamin keeps the position as closed as
possible and invites White to grab a P.} (12... O-O-O 13. axb5 axb5 14. Na3 $16
) 13. Re1 O-O-O 14. Bxc6 Bxc6 15. cxb4 Nd5 16. Bd2 f6 17. b3 Ne7 $1 {The
d-file gives Black enough compensation for the P.} 18. Ra2 Rd3 19. b5 Bd5 (
19... axb5 $2 20. axb5 Bd5 21. Nc3 $16) 20. bxa6 Rxb3 21. Ra3 Rxa3 22. Nxa3 Kd7
$11 23. Nc2 Nc6 24. f4 Ra8 25. fxe5 fxe5 26. Bc3 (26. Nb4 Nxb4 27. Rxe5 Bxg2
$11) 26... Rxa6 27. Bxe5 Nxe5 28. Rxe5 Bc6 29. Nd4 Rxa4 1/2-1/2